Países da OTAN - Statistics

Estatísticas Gerais
  • Esse quiz foi jogado 14 926 vezes
    9 113 desde o último reset
  • A pontuação média é 25 de 32
Estatísticas das Respostas
Desde País % Correto
1949 Estados Unidos
94%
1949 França
94%
1955 Alemanha
93%
1982 Espanha
93%
1949 Portugal
93%
1949 Itália
90%
1949 Reino Unido
89%
2024 Suécia
88%
1949 Canadá
85%
2023 Finlândia
84%
1949 Noruega
83%
1949 Bélgica
82%
1999 Polônia
82%
1949 Dinamarca
80%
1952 Grécia
79%
1949 Países Baixos
79%
2009 Croácia
76%
2004 Estônia
74%
2004 Lituânia
74%
2004 Eslováquia
73%
2004 Letônia
73%
2004 Eslovênia
72%
1999 Hungria
72%
1949 Islândia
68%
2004 Bulgária
67%
2004 Romênia
67%
2009 Albânia
66%
1949 Luxemburgo
65%
1999 República Checa
64%
1952 Turquia
64%
2020 Macedônia do Norte
56%
2017 Montenegro
55%
Nenhum quiz correspondente encontrado
Distribuição das Pontuações
Porcentagem de Pessoas com Cada Pontuação
Percentil de Números Respondidos
Sua Pontuação Histórica
Você não jogou esse quiz desde o último reset